| 000 | 00459nam a22001577a 4500 | ||
|---|---|---|---|
| 008 | 160427b xxu||||| |||| 00| 0 eng d | ||
| 020 | _a0-14-077008-9 | ||
| 050 | _aPR2823.C779 | ||
| 100 |
_aShakespeare, William _915960 |
||
| 245 |
_aMacbeth _c/ William Shakespeare |
||
| 260 |
_aEngland _bPenguin Books _c1984 |
||
| 300 |
_a96p. ; _c20cm. |
||
| 440 |
_aPenguin passnotes _924150 |
||
| 600 |
_aShakespeare, William _cMacbeth _924151 |
||
| 942 |
_2lcc _cMONOGRAPH |
||
| 999 |
_c124724 _d124724 |
||